| 000 | 00587nam a22002057i 4500 | ||
|---|---|---|---|
| 001 | 3367 | ||
| 003 | OSt | ||
| 005 | 20170126082317.0 | ||
| 007 | tu | ||
| 008 | 161220s1996 xxu||||| |||| 00| 0 d | ||
| 024 | 7 |
_a3366 _2RID |
|
| 040 | _cOSt | ||
| 084 |
_a10.532 _2z |
||
| 100 | 1 | _aAndrews, Emily S. | |
| 245 | 0 | 0 | _aThe Financing of Pension Systems in Central and Eastern Europe. An Overview of Major Trends and Their Determinants, 1990 - 1993 |
| 260 |
_aWashington : _bWorld Bank, _c1996. |
||
| 300 |
_a40 S. ; _c30cm. |
||
| 490 |
_aWorld Bank Technical Paper _v339 |
||
| 700 | 1 | _aRashid, Mansoora | |
| 942 | _cB | ||
| 999 |
_c3317 _d3317 |
||